Moondust : (Record no. 15268)
[ view plain ]
| 000 -LEADER | |
|---|---|
| fixed length control field | 00955nam a22002297a 4500 |
| 008 - FIXED-LENGTH DATA ELEMENTS--GENERAL INFORMATION | |
| fixed length control field | 110511r20052006enk|||||r|||| 001 0ceng d |
| 020 ## - INTERNATIONAL STANDARD BOOK NUMBER | |
| International Standard Book Number | 0747563691 |
| 020 ## - INTERNATIONAL STANDARD BOOK NUMBER | |
| International Standard Book Number | 9780747563693 |
| 082 ## - DEWEY DECIMAL CLASSIFICATION NUMBER | |
| Edition number | 22 |
| Classification number | 629.4540922 |
| Item number | SMI |
| 100 ## - MAIN ENTRY--PERSONAL NAME | |
| 9 (RLIN) | 23755 |
| Personal name | Smith, Andrew |
| 245 ## - TITLE STATEMENT | |
| Title | Moondust : |
| Remainder of title | In Search of the Men who Fell to Earth / |
| Statement of responsibility, etc | Andrew Smith |
| 260 ## - PUBLICATION, DISTRIBUTION, ETC. (IMPRINT) | |
| Place of publication, distribution, etc | London : |
| Name of publisher, distributor, etc | Bloomsbury, 2006 |
| Date of publication, distribution, etc | 2006 |
| 300 ## - PHYSICAL DESCRIPTION | |
| Extent | 372 p. : |
| Other physical details | 1 ill. ; |
| Dimensions | 20 cm. |
| 500 ## - GENERAL NOTE | |
| General note | Shortlisted for British Book Awards: Best Read of the Year 2006. |
| 610 ## - SUBJECT ADDED ENTRY--CORPORATE NAME | |
| 9 (RLIN) | 23756 |
| Corporate name or jurisdiction name as entry element | Project Apollo (U.S.) |
| 650 ## - SUBJECT ADDED ENTRY--TOPICAL TERM | |
| 9 (RLIN) | 23757 |
| Topical term or geographic name as entry element | Astronauts |
| Form subdivision | Interviews |
| Geographic subdivision | United States |
| 650 ## - SUBJECT ADDED ENTRY--TOPICAL TERM | |
| 9 (RLIN) | 23758 |
| Topical term or geographic name as entry element | Space flight to the moon |
| Geographic subdivision | United States |
| 653 ## - INDEX TERM--UNCONTROLLED | |
| Resource For college | |
| Arrived date list | May2011 |
| BestSellers | Best Sellers |
| 710 ## - ADDED ENTRY--CORPORATE NAME | |
| 9 (RLIN) | 23756 |
| Corporate name or jurisdiction name as entry element | Project Apollo (U.S.) |
| 942 ## - ADDED ENTRY ELEMENTS (KOHA) | |
| Source of classification or shelving scheme | Dewey Decimal Classification |
| Item type | Book - Borrowing |
| Withdrawn status | Item status | Source of classification or shelving scheme | Damaged status | Not for loan | Vendor | Home library | Current library | Shelving location | Date acquired | Source of acquisition | Total Checkouts | Full call number | Barcode | Date last seen | Koha item type |
|---|---|---|---|---|---|---|---|---|---|---|---|---|---|---|---|
| Dewey Decimal Classification | Donation-Gift | Central Library | Central Library | First floor | 11/05/2011 | Donation | 629.4540922 SMI | 000023533 | 15/07/2025 | Book - Borrowing |